|
|
|
|
| LEADER |
00907nam a2200253 a 4500 |
| 001 |
1427 |
| 003 |
BD-DhAAL |
| 005 |
20150211101510.0 |
| 008 |
150211s1997 ohua b 001 0 eng |
| 010 |
|
|
|a 96042472
|
| 020 |
|
|
|a 0538857765
|
| 040 |
|
|
|a DLC
|c DLC
|d DLC
|d BD-DhAAL
|
| 050 |
0 |
0 |
|a HD58.7
|b .D8 1997
|
| 082 |
0 |
0 |
|a 158.7
|2 20
|
| 100 |
1 |
|
|a DuBrin, Andrew J.
|9 8248
|
| 245 |
1 |
0 |
|a Fundamentals of organizational behavior :
|b an applied approach /
|c Andrew J. DuBrin.
|
| 260 |
|
|
|a Cincinnati, Ohio :
|b South-Western College Pub.,
|c c1997.
|
| 300 |
|
|
|a xiii, 300 p. :
|b ill. ;
|c c26 cm.
|
| 504 |
|
|
|a Includes bibliographical references and index.
|
| 541 |
|
|
|e 1427
|
| 650 |
|
0 |
|a Organizational behavior.
|9 6652
|
| 942 |
|
|
|2 ddc
|c BK
|
| 999 |
|
|
|c 33655
|d 33655
|
| 952 |
|
|
|0 0
|1 0
|2 ddc
|4 0
|6 158_700000000000000_DUB
|7 0
|9 52567
|a SCL
|b SCL
|c GEN
|d 2015-02-11
|e NSU Bookshop
|l 0
|o 158.7 DUB
|p 3020001127
|r 2015-02-11
|t 1
|w 2015-02-11
|y BK
|